000 00387pab a2200157 454500
008 180718b1996 xxu||||| |||| 00| 0 eng d
100 _aNoorani, A.G.
245 _aGujrati natak
260 _c1996
300 _ap.8; 19 Nov 1996, p.8
362 _a18 Nov
650 _aGujarat - Politics and government
650 _aPolitics and government
773 _aStatesman
909 _a33651
999 _c33651
_d33651